00301nam a2200121Ia 4500008004100000020001800041082001600059100001700075245002900092260003900121300000800160650001100168140316s9999 xx 000 0 und d a9788182654112 a814bASH/MA aAshtamoorthi aMaalaakhamaare Marayolle aKozhikodebMathrubhumi Booksc2012 a110 aEssays